Chromosome Atlas of Flowering Plants (Record no. 589220)

MARC details
000 -LEADER
fixed length control field 00413nam a2200145Ia 4500
008 - FIXED-LENGTH DATA ELEMENTS--GENERAL INFORMATION
fixed length control field 100415s9999 xx 000 0 und d
082 ## - DEWEY DECIMAL CLASSIFICATION NUMBER
Item number 6250
Classification number 581
100 ## - MAIN ENTRY--PERSONAL NAME
Personal name Darlington CD
245 ## - TITLE STATEMENT
Title Chromosome Atlas of Flowering Plants
260 ## - PUBLICATION, DISTRIBUTION, ETC. (IMPRINT)
Place of publication, distribution, etc LONDON
Date of publication, distribution, etc 1955
Name of publisher, distributor, etc GEORGE ALLEN LTD
365 ## - TRADE PRICE
Price amount 21
630 ## - SUBJECT ADDED ENTRY--UNIFORM TITLE
Uniform title Chromosome Atlas of Flowering Plants
730 ## - ADDED ENTRY--UNIFORM TITLE
Uniform title Chromosome Atlas of Flowering Plants
942 ## - ADDED ENTRY ELEMENTS (KOHA)
Koha item type Book
Holdings
Withdrawn status Lost status Damaged status Not for loan Home library Current library Date acquired Cost, normal purchase price Total Checkouts Full call number Barcode Date last seen Price effective from Koha item type
        Bombay Natural History Society Bombay Natural History Society 09/24/1997 21.00   581 6250 BNHS-6250 04/15/2010 04/15/2010 Book